Etické kódexy v podnikoch

Etické kódexy vystupujú najmä v USA ako mechanizmy na regulovanie konania všetkých pracovníkov organizácie. Iniciovanie a formovanie etických kódexov manažmentom. Rovnaká morálka pre radových zamestnancov aj pre manažment.

Guardado en:
Detalles Bibliográficos
Autor principal: Remišová, Anna
Formato: Capítulo de libro
Lenguaje:eslovaco
Materias:
Etiquetas: Agregar Etiqueta
Sin Etiquetas, Sea el primero en etiquetar este registro!

MARC

LEADER 00000naa a2200000 4500
001 r020648
005 20230801103343.6
041 0 |a slo 
044 |a SK 
245 1 0 |a Etické kódexy v podnikoch  |c Anna Remišová 
520 |a Etické kódexy vystupujú najmä v USA ako mechanizmy na regulovanie konania všetkých pracovníkov organizácie. Iniciovanie a formovanie etických kódexov manažmentom. Rovnaká morálka pre radových zamestnancov aj pre manažment. 
610 2 0 |a USA 
610 2 0 |a etika podnikateľská 
610 2 0 |a kódexy 
100 1 |a Remišová, Anna